| 000 | 01023nam a22002657a 4500 | ||
|---|---|---|---|
| 003 | EG-ScBUE | ||
| 005 | 20221212114626.0 | ||
| 008 | 100804t1994 gw a f 001 0 e1g deng d | ||
| 020 | _a3791313665 | ||
| 020 | _a9783791313665 | ||
| 040 |
_aEG-ScBUE _beng _erda _cEG-ScBUE _dEG-ScBUE |
||
| 082 | 0 | 4 |
_a720.943 _bMAN _222 |
| 245 | 0 | 4 |
_aThe Many faces of modern architecture : _bbuilding in Germany between the world wars / _cedited by John Zukowsky ; with contributions by Kennie Ann Laney-Lupton, Wojciech Lenikowski and John Zukowsky. |
| 264 | 1 |
_aMunich ; _aNew York : _bPrestel, _c[1994] |
|
| 264 | 4 | _cc1994 | |
| 300 |
_a256 pages : _bcolor illustrations ; _c31 cm |
||
| 500 | _aincludes index. | ||
| 650 | 7 |
_917065 _aArchitecture, Modern _y20th century _zGermany. _2BUEsh |
|
| 653 | _bENGARC | ||
| 655 | _vReading book | ||
| 700 | 1 |
_917062 _aZukowsky, John, _eeditor, _econtributor. |
|
| 700 | 1 |
_917063 _aLaney-Lupton, Kennie Ann, _econtributor. |
|
| 700 | 1 |
_917064 _aLesnikowski, Wojciech, _econtributor. |
|
| 942 |
_2ddc _cBB |
||
| 999 |
_c14608 _d14608 |
||